| 000 | 00417nam a2200133 4500 | ||
|---|---|---|---|
| 040 | _cNUST | ||
| 082 | _a891.4393,HUS | ||
| 100 |
_aHussain, Abdullah _996825 |
||
| 245 |
_aNadaar Log / نادار لوگ (Urdu) / _cAbdullah Hussain |
||
| 260 |
_aLahore _b Sang-e-Meel Pub _c2004 |
||
| 300 | _a807 p.; | ||
| 650 |
_aUrdu Literature _xNovel / Nadar Loog is the story of a people _9110331 |
||
| 942 |
_2ddc _cBK _k891.4393,HUS |
||
| 999 |
_c591479 _d591479 |
||